| 000 | 00426nam a2200181Ia 4500 | ||
|---|---|---|---|
| 001 | 13770 | ||
| 005 | 20260306164825.0 | ||
| 008 | 260306t2004||||xx |||||||||||||| ||spa|| | ||
| 041 | _aESP | ||
| 082 |
_a005.133J _bD46 |
||
| 100 |
_aDeitel, Harvey M. _eAUT |
||
| 245 | 0 | _aCómo programar en Java | |
| 260 | _c2004 | ||
| 300 |
_axli, 1325 páginas : _c25 cm |
||
| 650 | _aGEN | ||
| 654 | _aCCC | ||
| 942 |
_cLIB _dJUS _fJUS _2ddc _n |
||
| 999 |
_c13770 _d13770 |
||